Statistics for US Presidents Burial States

Click here to take the quiz!

General Stats

  • This quiz has been taken 121 times
    (74 since last reset)
  • The average score is 40 of 44

Answer Stats

HintAnswer% Correct
Richard M. NixonCalifornia
100%
Ronald W. ReaganCalifornia
100%
George H.W. BushTexas
100%
Lyndon B. JohnsonTexas
100%
Abraham LincolnIllinois
98%
John AdamsMassachusetts
98%
John Q. AdamsMassachusetts
98%
John F. KennedyVirginia
98%
William H. TaftVirginia
98%
George WashingtonVirginia
98%
John TylerVirginia
98%
James MonroeVirginia
98%
James MadisonVirginia
98%
Thomas JeffersonVirginia
98%
Millard FillmoreNew York
96%
Martin Van BurenNew York
96%
Ulysses S. GrantNew York
96%
Chester A. ArthurNew York
96%
Franklin D. RooseveltNew York
96%
Theodore RooseveltNew York
96%
William H. HarrisonOhio
96%
Rutherford B. HayesOhio
96%
James A. GarfieldOhio
96%
Warren G. HardingOhio
96%
William McKinleyOhio
96%
Gerald R. FordMichigan
93%
Benjamin HarrisonIndiana
91%
Franklin PierceNew Hampshire
91%
Grover ClevelandNew Jersey
91%
Grover ClevelandNew Jersey
91%
James BuchananPennsylvania
91%
Zachary TaylorKentucky
89%
Harry S. TrumanMissouri
89%
Andrew JacksonTennessee
89%
Andrew JohnsonTennessee
89%
James K. PolkTennessee
89%
Calvin CoolidgeVermont
87%
Herbert C. HooverIowa
82%
Dwight D. EisenhowerKansas
78%
George W. Bushstill alive
67%
Barack H. Obamastill alive
67%
Bill Clintonstill alive
67%
Jimmy Carterstill alive
67%
Woodrow WilsonDistrict of Columbia
56%

Score Distribution

Percentile by Number Answered

Percent of People with Each Score

Your Score History

You have not taken this quiz since the last reset